| 000 | 00662nam a2200241 i 4500 | ||
|---|---|---|---|
| 001 | 81962 | ||
| 003 | ES-MaACL | ||
| 005 | 20260424152004.0 | ||
| 007 | t| | ||
| 008 | 041117s1984 sp ||||1| spa d | ||
| 017 | _aB 31936-1984 | ||
| 020 | _a84-320-4617-5 | ||
| 080 | _a860-31"19" | ||
| 100 | 1 |
_aVizcaíno Casas, Fernando. _9115612 |
|
| 245 | 1 | 0 |
_a100 años de honradez / _cFernando Vizcaíno Casas. |
| 250 | _a1ª ed. | ||
| 260 |
_aBarcelona : _bPlaneta, _c1984. |
||
| 300 |
_a244 p. ; _c17 cm. |
||
| 490 | 1 |
_aColección Fábula ; _v156 |
|
| 830 | 0 |
_aColección Fábula _v156 _9180466 |
|
| 852 |
_aES-MaACL _jE-10434 _bR.131017 |
||
| 999 |
_c81962 _d81962 |
||